000
00323nam a22001217a 4500
008
180522b xxu||||| |||| 00| 0 eng d
041
_a
eng
080
_a
043.3
100
_a
0
101
_a
SHKI-BTH
245
_a
Entity Framework në ASP Web Applications: Implementimi në GSP Tracker System
_c
Janjeva,A
942
_2
udc
_c
BK
999
_c
46171
_d
46171